000
00298nam a2200121Ia 4500
008
220204s9999 xx 000 0 und d
082
_b
BHA
100
_a
Johnson, Gouri K
245
0
_a
Statistical concepts and methods
260
_a
New York
_b
John Wiley
_c
1977
700
_a
Richard A
942
_c
BK
999
_c
26328
_d
26328